Statistics for States and Provinces that Touch the Great Lakes

Click here to take the quiz!

General Stats

  • This quiz has been taken 10,067 times
  • The average score is 8 of 9

Answer Stats

State or Province % Correct
Michigan
97%
New York
91%
Ohio
91%
Illinois
90%
Ontario
88%
Wisconsin
87%
Indiana
84%
Minnesota
84%
Pennsylvania
81%

Score Distribution

Percentile by Number Answered

Percent of People with Each Score

Your Score History

You have not taken this quiz